Statistiques concernant Intervention ONU

Cliquez ici pour prendre le quiz!

Statistiques générales

  • Ce quiz a été pris 31 fois
  • Le résultat moyen est 22 sur 71

Statistiques - réponses

HintRéponse% Correct
1956-1967Egypte
89%
1991-2003Irak/Koweit
89%
1988-1991Iran/Irak
89%
1988-1990Afghanistan/Pakistan
78%
1973-1979Egypte
78%
1965-1966Inde/Pakistan
78%
2013-...Mali
78%
2012Syrie
78%
1958Liban
67%
1993-1996Rwanda
67%
1993-1994Rwanda/Ouganda
67%
1992-1993Somalie
67%
2011-...Soudan
67%
2005-2011Soudan
67%
2007-...Soudan
67%
2000-2008Ethiopie/Erythrée
56%
1978-...Liban
56%
1993-1995Somalie
56%
1992-1995Yougoslavie
56%
1989-1991Angola
44%
2011-...Soudan du Sud
44%
1963-1964Yémen
44%
1997-1999Angola
33%
1995-1997Angola
33%
1991-1995Angola
33%
1964-...Chypre
33%
2004-2017Haiti
33%
1997-2000Haiti
33%
2017-2019Haiti
33%
1997Haiti
33%
1996-1997Haiti
33%
1993-1997Haiti
33%
1999-...Kosovo
33%
1994Tchad
33%
2007-2010Tchad/Centrafrique
33%
2004-2006Burundi
22%
1989-1990Namibie
22%
1948-...Palestine
22%
1998-1999Sierra Leone
22%
1999-2005Sierra Leone
22%
1995-2002Bosnie
11%
1991-1992Cambodge
11%
1992-1993Cambodge
11%
2004-2017Cote d'ivoire
11%
1995-1996Croatie
11%
1998Croatie
11%
1996-1998Croatie
11%
1996-2002Croatie
11%
1992-1994Mozambique
11%
1962-1963Nouvelle Guinée
11%
1960-1964RDC
11%
2010-...RDC
11%
1999-2010RDC
11%
1998-2000République centrafricaine
11%
1965-1966République dominicaine
11%
1991-1995Salvador
11%
2002-2005Timor oriental
11%
2006-2012Timor oriental
11%
1999-2002Timor oriental
11%
1989-1992Amérique latine
0%
1949-...Cachemire
0%
1993-2009Géorgie
0%
1997Guatemala
0%
2003-2018Libéria
0%
1993-1997Libéria
0%
1995-1999Macédoine
0%
1974-...Plateau du Golan
0%
1948-...Proche Orient
0%
2014-...République centrafrique
0%
1991-...Sahara occidental
0%
1994-2000Tadjikistan
0%

Distribution des résultats

Percentile par nombre de réponses

% des personnes avec chaque résultat

Votre développement - résultats

Vous n’avez pas pris ce quiz